Online
Catalog

Evaluación proceso reforma y modernización del sector salud en la República Dominicana. / (Record no. 16071)

MARC details
000 -CABECERA
campo de control de longitud fija 01737nam a2200385 a 4500
001 - NÚMERO DE CONTROL
campo de control 000016538
003 - IDENTIFICADOR DEL NÚMERO DE CONTROL
campo de control DO-SdBNP
005 - FECHA Y HORA DE LA ÚLTIMA TRANSACCIÓN
campo de control 20250607073643.0
007 - CAMPO FIJO DE DESCRIPCIÓN FÍSICA--INFORMACIÓN GENERAL
campo de control de longitud fija ta
008 - DATOS DE LONGITUD FIJA--INFORMACIÓN GENERAL
campo de control de longitud fija 100308s2000 dr f000 0 spa d
020 ## - NÚMERO INTERNACIONAL ESTÁNDAR DEL LIBRO
ISBN cancelado o inválido 99934818
040 ## - FUENTE DE LA CATALOGACIÓN
Centro catalogador/agencia de origen DO-SdBNP
Lengua de catalogación spa
Centro/agencia transcriptor BNPHU
041 ## - CÓDIGO DE LENGUA
Código de lengua original spa
082 #4 - NÚMERO DE LA CLASIFICACIÓN DECIMAL DEWEY
Número de clasificación 362.11
Número de documento/Ítem R426e
Número de edición 22
110 1# - ENTRADA PRINCIPAL--NOMBRE DE ENTIDAD CORPORATIVA
Nombre de entidad corporativa o nombre de jurisdicción como elemento de entrada República Dominicana.
Unidad subordinada Secretaria de Estado de Salud Pública y Asistencia Social (2001)
9 (RLIN) 56549
245 10 - MENCIÓN DE TÍTULO
Título Evaluación proceso reforma y modernización del sector salud en la República Dominicana. /
Mención de responsabilidad, etc. Presentación Juan Octavio Ceballos Castillo.
260 ## - PUBLICACIÓN, DISTRIBUCIÓN, ETC.
Lugar de publicación, distribución, etc. Santo Domingo :
Nombre del editor, distribuidor, etc. SESPAS,
Fecha de publicación, distribución, etc. 2000.
300 ## - DESCRIPCIÓN FÍSICA
Extensión 106 p. ;
Dimensiones 23 cm.
500 ## - NOTA GENERAL
Nota general Incluye lista de siglas , pg. 5-6
504 ## - NOTA DE BIBLIOGRAFÍA, ETC.
Nota de bibliografía, etc. Bibliografía: p. 101-106
505 0# - NOTA DE CONTENIDO CON FORMATO
Nota de contenido con formato Presentación.
505 0# - NOTA DE CONTENIDO CON FORMATO
Nota de contenido con formato Método de trabajo.
505 0# - NOTA DE CONTENIDO CON FORMATO
Nota de contenido con formato Resumen ejecutivo.
505 0# - NOTA DE CONTENIDO CON FORMATO
Nota de contenido con formato 1. El contexto :
Título - contexto político. <br/>- contexto económico.<br/>- contexto social.
505 0# - NOTA DE CONTENIDO CON FORMATO
Nota de contenido con formato 2. La salud del ambiente :
Título - la situación de la salud ambiental.<br/>- la organización del sector.
505 0# - NOTA DE CONTENIDO CON FORMATO
Nota de contenido con formato 3. El sistema de atención de salud a las personas :
Título - organización general : recursos.- funciones.
505 0# - NOTA DE CONTENIDO CON FORMATO
Nota de contenido con formato 4. seguimiento y evaluación de la reforma y modernización sectorial.
Título - marco conceptual<br/>- seguimiento del proceso.<br/>- evaluación de resultados.
505 0# - NOTA DE CONTENIDO CON FORMATO
Nota de contenido con formato 5. Conclusiones y recomendaciones.
Título - conclusiones.<br/>- recomendaciones.
590 ## - NOTA LOCAL (RLIN)
Nota local Inventariado, 2018/ YL
650 #4 - PUNTO DE ACCESO ADICIONAL DE MATERIA--TÉRMINO DE MATERIA
Término de materia o nombre geográfico como elemento de entrada Servicios de salud
Subdivisión general República dominicana
9 (RLIN) 36785
650 #0 - PUNTO DE ACCESO ADICIONAL DE MATERIA--TÉRMINO DE MATERIA
Término de materia o nombre geográfico como elemento de entrada Política sanitaria
Subdivisión geográfica República Dominicana
9 (RLIN) 1344
700 12 - PUNTO DE ACCESO ADICIONAL--NOMBRE DE PERSONA
Nombre de persona Ceballos Castillo, Juan Octavio
9 (RLIN) 36786
910 ## - DATOS DE OPCIÓN DEL USUARIO (OCLC)
Datos de opción del usuario Validado. Control de calidad MFF
942 ## - ELEMENTOS DE PUNTO DE ACCESO ADICIONAL (KOHA)
Fuente del sistema de clasificación o colocación Dewey Decimal Classification
Tipo de ítem Koha Libro
Holdings
Estado de retiro Estado de pérdida No para préstamo Código de colección Localización permanente Ubicación/localización actual Ubicación en estantería Fecha de adquisición Número de inventario Total de préstamos Signatura topográfica completa Código de barras Fecha visto por última vez Precio válido a partir de Tipo de ítem Koha Fuente del sistema de clasificación o colocación Fuente de adquisición Número de copia
    Excluido de préstamo Patrimonio Dominicano Patrimonio Dominicano Patrimonio Dominicano Depósito 08.03.2010 LF1   362.11 R426e 16538-10 25.06.2020 25.06.2020 Libro y Folleto Colección Patrimonio Dominicano      
    Excluido de préstamo Patrimonio Dominicano Biblioteca Nacional Pedro Henríquez Ureña Patrimonio Dominicano Depósito 07.01.2020     362.11 R426e 2021-0104 18.01.2021 18.01.2021 Libro y Folleto Colección Patrimonio Dominicano Dewey Decimal Classification Donado por Luis Tomás Oviedo. e.2

Powered by Koha